Normal view
MARC view
- Casique, Irene
Entry Nombre Personal
001 - NUMERO DE CONTROL
- campo de control: 43641
003 - IDENTIFICADOR DE NUMERO DE CONTROL
- campo de control: MX-MxUPN
005 - FECHA Y HORA DE LA ÜLTIMA TRANSACCIÓN
- campo de control: 20220216134256.0
008 - DATOS DE LONGITUD FIJA
- campo de control de longitud fija: 220204|| aca||aabn | a|a d
040 ## - FUENTE DE CATALOGACIÓN
- Agencia original de catalogación: MX-MxUPN
- Lenguaje de catalogación: spa
- Agencia de transcripción: MX-MxUPN
100 1# - ENCABEZAMIENTO - NOMBRE PERSONAL
- Nombre personal: Casique, Irene
400 1# - VEÁSE - NOMBRE DE PERSONA
- Personal name: Casique Rodríguez, Irene
670 ## - FUENTE EN LA QUE SE LOCALIZARON DATOS
- Cita de la fuente: Nuevas rutas y evidencias en los estudios sobre violencia y sexualidad de adolescentes mexicanos: contribuciones con base en una encuesta en escuelas (Enessaep), 2019:
- Información localizada: portada (Irene Casique)
670 ## - FUENTE EN LA QUE SE LOCALIZARON DATOS
- Cita de la fuente: Humanindex página web, 10 de febrero del 2022:
- Información localizada: (Irene Casique Rodríguez)
902 ## - CATALOGADOR
- Catalogador: VRC/040222
